000 01000nam a2200217Ia 4500
003 Ost
005 20260507075016.0
008 260507s9999||||xx |||||||||||||| ||und||
040 _cfsecg
041 _aara
082 _a350
100 _aستيوارت، لوثرجي
_eمؤلف
245 0 _aإدارة الوقت /
_c لوثرجي ستيوارت
260 _aدمشق:
_bدار علاء الدين,
_c2002
300 _a83 صفحة؛
_bإيضاحات ؛
_c24 سم
520 _aاستخدم وقتك بدقة(بشكل مناسب)-كن سيد وقتك-حدد أهدافك-اجعل خططك مكتوبة-استخدم جداول أعمال يومية-وضع الأولويات-إبدأ بوضع إيجابي-راقب منحنى التنفيذ ادخر وقتا هادئا لنفسك-أدر بالتفويض-استخدم مخططا للوقت-حاول أن تكون متماسكا
653 _aالإدارة
653 _aالتوقيت-ضبط
653 _aالزمن
942 _cكتاب
999 _c42218
_d42218